[Event "XII Lublin Union Memorial 2020"]
[Site "Lublin"]
[Date "2020.11.07"]
[Round "3.1"]
[White "Pacan-Milej, Kosma"]
[Black "Czernek, Tymon"]
[Result "1/2-1/2"]
[WhiteElo "2423"]
[BlackElo "2359"]
[Annotator "TA"]
[PlyCount "121"]
[EventDate "2020.11.05"]
[EventType "tourn"]
[EventCountry "POL"]
[SourceTitle "playchess.com"]
[Source "ChessBase"]
[SourceQuality "1"]

{[%evp 9,121,19,25,31,35,25,24,27,34,34,31,13,14,0,0,-12,17,14,21,-10,34,6,35,39,58,61,58,60,62,78,102,93,92,70,125,67,75,73,86,77,93,88,91,83,91,16,11,38,23,33,68,75,122,114,195,192,300,306,5600,5591,4698,3002,29958,29959,29961,29958,12833,0,0,0,0,0,0,0,0,0,0,0,0,0,0,0,0,0,0,0,0,0,29977,0,0,0,0,0,0,0,0,0,0,0,0,0,0,0,0,0,0,0,0,0,0,0,0,0]} 1. e4 c5 2. Nf3 d6 3. Bb5+ Nd7 4. Ba4 Ngf6 5. O-O a6 {Hoping for ...b5.} 6. c4 {B51: Sicilian: Moscow Variation (3 Bb5+) without 3...Bd7.} g6 7. Nc3 Bg7 8. h3 {White has an edge.} O-O 9. d3 Rb8 10. Rb1 Ne8 11. Be3 Nc7 12. Bxd7 Bxd7 13. d4 Ne6 {[#]} 14. dxc5 $146 ({Predecessor:} 14. Qd2 Re8 15. d5 Nc7 16. b4 cxb4 17. Rxb4 b5 18. cxb5 Nxb5 19. Nxb5 axb5 20. Bd4 {½-½ (65) Segovic,G (2232)-Zufic,M (2459) Bol 2015}) 14... dxc5 15. Qd2 Bc6 16. Nd5 f5 {White must now prevent ...f4!} 17. Ng5 $1 {[%cal Rg5e6]} Nxg5 18. Bxg5 Bxd5 $1 19. exd5 Bf6 20. Bxf6 Rxf6 21. Rfe1 Qd6 (21... b5 $14) 22. b4 ({White should try} 22. Rbd1 $16) 22... cxb4 23. Qxb4 Qxb4 24. Rxb4 $14 {[%mdl 4096] Endgame KRR-KRR} Kf7 25. c5 b5 26. a4 Rd8 27. Rd1 (27. axb5 $16 {b6 is the strong threat.} axb5 28. Rd1 (28. Rxb5 Rxd5 29. Kh2 Re6 $11)) 27... bxa4 $11 28. Rxa4 Rc6 29. Ra5 Ke8 30. Kh2 Rc7 31. Kg3 Rcd7 (31... Kd7 $16) 32. c6 $18 ({Worse is} 32. Rxa6 Rxd5 33. Rc1 Rd1 $11) 32... Rd6 (32... Rc7 {is a better defense.}) 33. Rxa6 Rxd5 $2 (33... Kf7 34. c7 Rc8 35. Rxd6 exd6) 34. Rxd5 Rxd5 {KR-KR} 35. Ra8+ Rd8 {[#]} 36. Rxd8+ $1 Kxd8 {KP-KP} 37. Kf4 Kc7 {[#]} 38. Ke5 $2 (38. Kg5 $1 $18 Kxc6 39. Kh6) 38... Kxc6 $11 39. Ke6 Kc5 40. Kxe7 {K3P-K3P} Kd4 41. Kf6 f4 42. Kg5 Ke4 $1 43. Kg4 h6 44. h4 h5+ 45. Kg5 f3 46. g4 Ke5 $1 47. gxh5 gxh5 48. Kxh5 {KPP-KP} Kf5 49. Kh6 {White wants to mate with Kh5.} Kg4 {The position is equal.} 50. h5 Kh3 $1 51. Kg5 Kg2 52. h6 {Threatening mate with h7.} Kxf2 {KP-KP} 53. h7 {Kf4 would kill now.} Kg1 54. h8=Q {Intending Kg4 and mate.} f2 55. Qd4 Kg2 56. Qg4+ Kh2 57. Qf3 Kg1 58. Qg3+ Kh1 59. Kg4 {White threatens Qf3+ and mate.} f1=Q 60. Qh3+ Qxh3+ 61. Kxh3 {Av CentiPawn Loss W=-65/B=316. Weighted=-50/90} 1/2-1/2

[Event "XII Lublin Union Memorial 2020"]
[Site "Lublin"]
[Date "2020.11.07"]
[Round "3.2"]
[White "Szpar, Milosz"]
[Black "Nasuta, Grzegorz"]
[Result "1/2-1/2"]
[WhiteElo "2449"]
[BlackElo "2535"]
[Annotator "TA"]
[PlyCount "66"]
[EventDate "2020.11.05"]
[EventType "tourn"]
[EventCountry "POL"]
[SourceTitle "playchess.com"]
[Source "ChessBase"]
[SourceQuality "1"]

{[%evp 25,66,-7,-6,-8,-10,-16,0,0,16,18,18,18,22,19,18,22,23,29,75,4,0,0,2,5,5,2,90,67,122,108,106,30,37,20,22,20,38,20,21,25,21,0,0]} 1. e4 c5 2. Nf3 d6 3. Bb5+ Bd7 4. Bxd7+ Qxd7 5. O-O Nc6 6. Re1 Nf6 7. c3 e6 8. d4 cxd4 9. cxd4 d5 10. e5 Ne4 11. Nbd2 Nxd2 12. Bxd2 Be7 13. Rc1 O-O 14. h4 {B52: Sicilian: Moscow Variation with 3...Bd7.} h6 15. Rc3 f6 16. exf6 Bxf6 17. Rd3 Qf7 18. Qe2 Rae8 19. Bc3 Qh5 20. Re3 {[#]} Bxh4 $146 ({Predecessor:} 20... Nd8 21. Bb4 Rf7 22. g3 Rc7 23. Ba5 b6 24. Bc3 Rc4 25. Kg2 Qf5 26. Ne5 {1-0 (26) Kuderinov,K (2469)-Kokarev,D (2583) Moscow 2011}) 21. Rxe6 Rd8 22. Nxh4 ({White should try} 22. b4 $16) 22... Qxh4 $11 23. g3 Qh3 24. b4 {[%cal Bb2b4,Bb4b5][%mdl 32]} a6 25. a4 {[%cal Ba2a4,Ba4b5][%mdl 32] Threatens to win with b5.} Rc8 {[#]} (25... Rf5 $11) 26. b5 $1 $16 {[%cal Rb5c6]} axb5 ({Black should play} 26... Nd8 $14 27. Re3 (27. Re8 Nf7 $16) 27... Qf5) 27. axb5 Nd8 {[#]} 28. Re8 ({Better is} 28. Re3 $1 $16 {And now Bb4 would win.} Qf5 29. Bb4) 28... Nf7 $11 29. Rxf8+ Rxf8 30. Bb4 Rd8 31. Qe6 Qxe6 32. Rxe6 {With the idea Re7.} Rd7 33. f4 h5 $1 {Av CentiPawn Loss W=-12/B=-12. Weighted=-11/-12} 1/2-1/2

[Event "XII Lublin Union Memorial 2020"]
[Site "Lublin"]
[Date "2020.11.07"]
[Round "3.3"]
[White "Sliwicka, Alicja"]
[Black "Ovsejevitsch, Sergei"]
[Result "0-1"]
[WhiteElo "2311"]
[BlackElo "2587"]
[Annotator "TA"]
[PlyCount "66"]
[EventDate "2020.11.05"]
[EventType "tourn"]
[EventCountry "POL"]
[SourceTitle "playchess.com"]
[Source "ChessBase"]
[SourceQuality "1"]

{[%evp 17,66,30,40,41,19,-31,-31,-46,-50,-131,-100,-126,-154,-154,-150,-149,-135,-159,-161,-150,-73,-111,-81,-78,-63,-68,-92,-89,-57,-130,-146,-209,-212,-341,-331,-429,-382,-356,-343,-569,-577,-645,-643,-612,-590,-600,-576,-983,-969,-918,-911]} 1. e4 e5 2. Nf3 Nc6 3. Bb5 a6 4. Ba4 d6 5. O-O Nf6 6. Re1 Be7 7. Bxc6+ bxc6 8. d4 exd4 9. Nxd4 Bd7 10. Qf3 {C87: Closed Ruy Lopez: Steinitz-type lines after 6 Re1 d6.} O-O 11. e5 Nd5 {[#]} 12. c4 $146 {Black is slightly better.} ({Predecessor:} 12. Nf5 Bxf5 13. exd6 Bxd6 14. Qxf5 Re8 15. Rf1 Re5 16. Qg4 Qe7 17. Nd2 Re2 18. Nf3 Rxc2 {0-1 (62) Arribas Lopez,A (2549)-Safarli,E (2656) Dubai 2016}) 12... dxe5 {And now ...Nb4 would win.} 13. Rxe5 (13. cxd5 $15 exd4 14. dxc6) 13... Bf6 14. Re4 {[#]} Nb4 $1 15. a3 {[#]} Nd3 $1 {[%cal Rd3c1][%mdl 512]} 16. Nc3 ({Avoid the trap} 16. Qxd3 $2 Bf5) 16... Nc5 17. Be3 Nxe4 18. Nxe4 Re8 (18... Be5 $142 {White must now prevent ...f5.} 19. Nc5 Qe7) 19. Rd1 Qe7 20. Nxf6+ Qxf6 21. Qxf6 gxf6 22. Nb3 Red8 23. Bd4 (23. Na5 $15) 23... Bf5 $17 {...Bc2 is the strong threat.} 24. Nc5 (24. Rd2 $17 {might work better.}) 24... Rab8 $19 25. b4 {[#]} (25. Kf1 {was necessary.}) 25... a5 $1 {[%cal Ba6a5,Ba5b4][%mdl 32]} 26. g4 (26. bxa5 Rxd4) 26... Bc2 27. Rd2 axb4 28. Rxc2 $2 (28. axb4 Rxb4 29. Bc3 Rxd2 30. Bxb4) 28... Rxd4 {KRR-KRN. Black is clearly winning.} 29. Rb2 Rxg4+ 30. Kf1 {intending Nd7.} Rxc4 31. Nd7 Rd8 32. Nxf6+ Kg7 33. Nh5+ Kg6 {Av CentiPawn Loss W=-49/B=-11. Weighted=-58/-7} 0-1

[Event "XII Lublin Union Memorial 2020"]
[Site "Lublin"]
[Date "2020.11.07"]
[Round "3.4"]
[White "Dziuba, Marcin"]
[Black "Teclaf, Pawel"]
[Result "1/2-1/2"]
[WhiteElo "2596"]
[BlackElo "2477"]
[Annotator "TA"]
[PlyCount "60"]
[EventDate "2020.11.05"]
[EventType "tourn"]
[EventCountry "POL"]
[SourceTitle "playchess.com"]
[Source "ChessBase"]
[SourceQuality "1"]

{[%evp 9,60,37,29,36,34,20,24,20,25,18,19,18,16,0,0,0,0,0,0,0,10,-7,0,-27,-16,-11,-10,-27,-25,-35,-14,-29,0,0,0,0,0,0,0,0,0,0,0,0,0,0,0,0,0,0,0,0,0]} 1. d4 e6 2. c4 b6 3. e4 Bb4+ 4. Bd2 Bxd2+ 5. Qxd2 d5 6. Bd3 {C01: French: Exchange Variation.} Ba6 7. cxd5 {And now Bxa6 would win.} Bxd3 8. Qxd3 {aiming for dxe6.White has an edge.} exd5 9. Nc3 dxe4 10. Qxe4+ {[%mdl 64] [#] Double Attack} Qe7 11. O-O-O (11. Qe3 {seems wilder.} Nf6 12. Nf3 Qxe3+ 13. fxe3 O-O 14. O-O) 11... Qxe4 12. Nxe4 Nd7 13. Nf3 O-O-O 14. Rhe1 Nh6 {[#]} 15. Rd3 $146 ({Predecessor:} 15. Neg5 Rhe8 16. Rxe8 Rxe8 17. Re1 Rxe1+ 18. Nxe1 Nf8 19. Kd2 f6 20. Ngf3 Kd7 21. Nc2 {0-1 (46) Flom,G (2493)-Sutovsky,E (2673) Israel 2018}) 15... f6 16. Rc3 Nb8 17. Ng3 Rd7 18. Nh5 Kb7 19. Nf4 Nf5 20. g4 Nxd4 21. Nxd4 {The position is equal.} Rxd4 {[#]} 22. Rxc7+ $1 {[%mdl 576] Decoy} Kxc7 23. Ne6+ {[%mdl 64] Double Attack} Kd7 24. Nxd4 $11 {[%mdl 4096] Endgame KRN-KRN} Rc8+ 25. Kd2 Nc6 26. Nxc6 Rxc6 27. Re4 Rd6+ 28. Ke3 Rc6 29. Kd2 Rd6+ 30. Kc3 Rc6+ {Av CentiPawn Loss W=-3/B=-4. Weighted=-4/-5} 1/2-1/2

[Event "XII Lublin Union Memorial 2020"]
[Site "Lublin"]
[Date "2020.11.07"]
[Round "4.1"]
[White "Czernek, Tymon"]
[Black "Teclaf, Pawel"]
[Result "0-1"]
[WhiteElo "2359"]
[BlackElo "2477"]
[Annotator "TA"]
[PlyCount "68"]
[EventDate "2020.11.05"]
[EventType "tourn"]
[EventCountry "POL"]
[SourceTitle "playchess.com"]
[Source "ChessBase"]
[SourceQuality "1"]

{[%evp 15,68,44,60,39,53,28,34,20,35,-32,-22,-86,-81,-75,-36,-54,-76,-91,-52,-152,-66,-75,-72,-81,-16,-28,7,-22,17,16,45,-53,-22,-60,-78,-151,-162,-152,-156,-145,-156,-152,-154,-140,-150,-187,-193,-621,-621,-604,-593,-4910,-3898,-29992,-29993]} 1. e4 c5 2. Nf3 e6 3. d4 cxd4 4. Nxd4 a6 5. Bd3 Nf6 6. O-O d6 7. c4 b6 8. Nc3 Bb7 9. Re1 {B42: Sicilian: Kan Variation: 5 Bd3.} Be7 10. Qf3 Nbd7 {[#]} 11. Qg3 $146 {White is slightly better.} ({Predecessor:} 11. Qh3 Ne5 12. Bf1 Rc8 13. b3 O-O 14. Bb2 Ng6 15. Rad1 Rc5 16. Qe3 Ng4 17. Qe2 {0-1 (43) Elseth,R (2331)-Tisdall,J (2402) Bergen 2018}) 11... Rc8 12. f4 (12. Bf1 $14) 12... O-O 13. Nf3 {[#]} (13. Bd2 $11) 13... b5 $1 {[%mdl 512]} 14. e5 (14. cxb5 Nc5) 14... Nh5 15. Qg4 g6 16. cxb5 axb5 17. Nxb5 (17. Bxb5 $15 dxe5 18. Bxd7) 17... Qa5 (17... dxe5 $17 18. fxe5 Ndf6 19. exf6 Nxf6) 18. Nbd4 dxe5 19. fxe5 Bc5 ({Black should play} 19... Qb4 $17 {And now ...Bxf3 would win.} 20. Bd2 Qxb2) 20. Be3 $11 Bxf3 21. Nxf3 ({Not} 21. Qxf3 $2 Nxe5 22. Qe4 Nxd3 $19) 21... Qb6 22. Qe4 Qxb2 23. g4 ({White should try} 23. a4 $14) 23... Ng7 $36 {[%mdl 2048] White is under pressure.} (23... f5 $5 {[%cal Rf5e4]} 24. exf6 Nhxf6 25. Qxe6+ Kh8 26. Bxc5 Nxc5 $15) 24. Rab1 Qxa2 25. Rb7 (25. Kh1 $142) 25... f5 $17 26. exf6 Nxf6 27. Qe5 Qd5 {[%mdl 64] [#] Double Attack} 28. Bxc5 Qxb7 29. Bxf8 Rxf8 30. Nd4 Nxg4 31. Qe2 $2 (31. Qe4 Qb2 32. Be2) 31... Nf2 $19 {[%cal Rf2h3]} 32. Be4 Qb6 (32... Qxe4 $2 33. Qxe4 Nxe4 34. Rxe4 $19) 33. Qc4 Nxe4 {[%mdl 64] Overworked Piece} 34. Rxe4 Qb1+ {[%mdl 64] Double Attack. Av CentiPawn Loss W=-115/B=-51. Weighted=-136/-29} 0-1

[Event "XII Lublin Union Memorial 2020"]
[Site "Lublin"]
[Date "2020.11.07"]
[Round "4.2"]
[White "Ovsejevitsch, Sergei"]
[Black "Dziuba, Marcin"]
[Result "1/2-1/2"]
[WhiteElo "2587"]
[BlackElo "2596"]
[Annotator "TA"]
[PlyCount "48"]
[EventDate "2020.11.05"]
[EventType "tourn"]
[EventCountry "POL"]
[SourceTitle "playchess.com"]
[Source "ChessBase"]
[SourceQuality "1"]

{[%evp 9,48,0,0,4,10,0,0,-9,0,-4,5,0,0,-3,12,16,16,13,11,14,32,-9,-14,-31,5,-18,-28,-15,34,27,34,28,35,22,44,-2,30,0,51,0,41]} 1. Nf3 d5 2. d4 Nf6 3. c4 e6 4. e3 Nbd7 5. Bd3 dxc4 6. Bxc4 {D30: Queen's Gambit Declined: Systems without Nc3.} a6 7. a4 b6 8. O-O Bb7 9. Nc3 Bd6 10. b3 O-O 11. Bb2 Bb4 12. Qe2 Qe7 13. Bd3 c5 14. Na2 {[#]} Ba5 $146 ({Predecessor:} 14... Rfc8 15. Rac1 Nd5 16. Nxb4 Nxb4 17. Bc4 cxd4 18. Nxd4 Ne5 19. Ba3 Nxc4 20. Rxc4 Rxc4 21. bxc4 a5 {½-½ (42) Cosman,A (1944)-Anusca,M (2070) Baile Olanesti 2013}) 15. e4 Rfd8 16. Ba3 Nf8 (16... b5 $5) 17. Rfd1 Ng6 {White must now prevent ...Nf4.} 18. g3 Nd7 19. Rac1 h6 20. h4 Rdc8 21. Bb1 Ngf8 22. Bd3 Ng6 23. Bb1 Ngf8 24. Bd3 (24. Ne1 $14) 24... Ng6 {Av CentiPawn Loss W=-10/B=-14. Weighted=-11/-17} 1/2-1/2

[Event "XII Lublin Union Memorial 2020"]
[Site "Lublin"]
[Date "2020.11.07"]
[Round "4.3"]
[White "Nasuta, Grzegorz"]
[Black "Sliwicka, Alicja"]
[Result "0-1"]
[WhiteElo "2535"]
[BlackElo "2311"]
[Annotator "TA"]
[PlyCount "69"]
[EventDate "2020.11.05"]
[EventType "tourn"]
[EventCountry "POL"]
[SourceTitle "playchess.com"]
[Source "ChessBase"]
[SourceQuality "1"]

{[%evp 19,69,15,56,62,64,37,28,-8,-7,-30,-21,-77,-61,-74,-76,-74,-68,-66,-67,-95,-81,-103,-24,-12,-18,-7,0,-20,-30,-32,-29,-25,0,0,10,0,33,17,22,29,13,18,24,-1540,-1388,-1085,-1081,-29970,-29971,-29995,-29996,-29998]} 1. d4 Nf6 2. c4 d6 3. Nc3 Nbd7 4. e4 e5 5. Nf3 g6 6. Be2 Bg7 7. O-O O-O 8. Qc2 Nh5 9. Rd1 Nf4 10. Bf1 c5 {[%cal Rc5d4]} 11. d5 {E94: King's Indian: Classical: 6 Be2 e5 7 0-0: Various Black 7th moves.} Nf6 12. Bxf4 exf4 13. e5 {White has an edge.} Ne8 {[#]} 14. Qe4 $146 ({Predecessor:} 14. Re1 dxe5 15. Nxe5 Nd6 16. Nd3 Bf5 17. Qb3 Qh4 18. Ne5 Qf6 19. Qa3 Rfc8 20. Rad1 {0-1 (28) Gordon,S (2508)-Bacrot,E (2691) Liverpool 2008}) 14... Bg4 {Strongly threatening ...dxe5.} 15. exd6 {[#]} (15. Qxf4 $11 {remains equal.} Bxf3 16. Qxf3) 15... Qf6 $1 $17 16. h3 Nxd6 17. Qd3 Bf5 18. Qd2 g5 19. Nh2 Rfe8 20. Re1 Ne4 (20... Qd4 $17 21. Nf3 Qxd2 22. Nxd2 h5) 21. Nxe4 $11 Bxe4 22. Re2 $1 Bg6 23. Rxe8+ (23. Rae1 {looks sharper.} Rxe2 24. Rxe2 h5 25. Qd1 Qf5 26. Nf3) 23... Rxe8 24. Re1 Rxe1 25. Qxe1 Qd8 ({Don't blunder} 25... Qxb2 $2 26. Qe8+ Bf8 27. d6 $18) 26. Qd2 Qd6 27. Bd3 h5 28. Bxg6 Qxg6 29. d6 {[#] Black must now prevent d7.} Bd4 30. Nf3 g4 31. d7 $2 {[%mdl 8192] White does not recover from this.} (31. Nxd4 $11 gxh3 32. g3 fxg3 33. Nf3 h2+ 34. Kh1 gxf2 35. Qxf2 {[%mdl 64] Double Attack} Qxd6 36. Ng5) 31... gxf3 $19 {[%csl Gf3][%cal Rg6g2]} 32. d8=Q+ Kh7 {[%csl Gf3][%cal Rg6g2]} 33. g4 fxg3 34. Q8g5 gxf2+ 35. Kf1 {Av CentiPawn Loss W=-77/B=-13. Weighted=-63/-28} 0-1

[Event "XII Lublin Union Memorial 2020"]
[Site "Lublin"]
[Date "2020.11.07"]
[Round "4.4"]
[White "Pacan-Milej, Kosma"]
[Black "Szpar, Milosz"]
[Result "1/2-1/2"]
[WhiteElo "2423"]
[BlackElo "2449"]
[Annotator "TA"]
[PlyCount "68"]
[EventDate "2020.11.05"]
[EventType "tourn"]
[EventCountry "POL"]
[SourceTitle "playchess.com"]
[Source "ChessBase"]
[SourceQuality "1"]

{[%evp 10,68,0,-16,7,8,8,0,0,2,13,11,10,5,19,-5,0,0,0,0,0,-27,-28,-20,39,-6,0,-11,-2,-4,0,-4,-8,-10,-10,-11,-7,-22,-22,-17,-16,-9,0,0,0,-16,-13,-33,-25,-40,-14,-69,-39,-66,-34,-35,-3,-42,-29,-28,-16]} 1. e4 e6 2. d4 d5 3. Bd3 dxe4 4. Bxe4 Nf6 5. Bf3 c5 6. Ne2 cxd4 {C01: French: Exchange Variation.} 7. Nxd4 Bc5 8. Nb3 {[#] Strongly threatening Qxd8+.} Qxd1+ {The position is equal.} 9. Bxd1 {[#]} Bd6 $146 ({Predecessor:} 9... Be7 10. O-O Nc6 11. c4 e5 12. Nc3 Be6 13. Be2 O-O 14. Be3 Rfd8 15. Rfd1 b6 {½-½ (33) Hernandez Sanchez,J (2401)-Ruiz Castillo,J (2497) El Bagre 2019}) 10. O-O Nc6 11. Nc3 {[%cal Bb1c3,Bc3b5,Bb5d4][%mdl 32]} O-O 12. Be3 Rd8 13. Nb5 Be5 14. c3 Nd5 15. Bf3 Nxe3 16. fxe3 a6 (16... Bf6 $11) 17. N5d4 (17. Bxc6 $5 bxc6 18. Rad1 $11) 17... Ne7 18. Rad1 Bc7 19. Nc5 Rb8 20. Nc2 Kf8 21. Rxd8+ Bxd8 22. Rd1 {[%cal Rd1d8] [#]} Ke8 23. Ne4 (23. Nd3 {looks sharper.} Bd7 24. Kf2 Bc7 25. h3 Ng6 26. Nc5) 23... Bc7 24. Nd6+ Bxd6 25. Rxd6 Nf5 26. Rb6 Kd7 27. Rb4 Nd6 28. Kf2 Kc7 29. Rh4 h6 30. Nb4 (30. b3 $11) 30... Bd7 31. Rg4 g5 (31... a5 $5 {[%cal Ra5b4]} 32. Nc2 g6 $15) 32. Rd4 f6 33. Rd1 a5 34. Nd3 b6 {Av CentiPawn Loss W=-10/B=-10. Weighted=-13/-9} 1/2-1/2

[Event "XII Lublin Union Memorial 2020"]
[Site "Lublin"]
[Date "2020.11.08"]
[Round "5.1"]
[White "Szpar, Milosz"]
[Black "Czernek, Tymon"]
[Result "1-0"]
[WhiteElo "2449"]
[BlackElo "2359"]
[Annotator "ChessBase"]
[PlyCount "115"]
[EventDate "2020.11.05"]
[EventType "tourn"]
[EventCountry "POL"]
[SourceTitle "playchess.com"]
[Source "ChessBase"]
[SourceQuality "1"]
[TimeControl "40/5400+30:900+30"]

1. e4 {[%emt 0:00:00]} c5 {[%emt 0:00:00]} 2. Nf3 {[%emt 0:00:00]} d6 {[%emt 0:00:00]} 3. c3 {[%emt 0:00:00]} Nf6 {[%emt 0:00:31]} 4. h3 {[%emt 0:00:05]} g6 {[%emt 0:01:05]} 5. Bd3 {[%emt 0:00:47]} Bg7 {[%emt 0:02:13]} 6. Bc2 {[%emt 0:01:11]} O-O {[%emt 0:01:28]} 7. d4 {[%emt 0:00:44]} e6 {[%emt 0:02:46]} 8. O-O {[%emt 0:02:09]} Nc6 {[%emt 0:02:12]} 9. Re1 {[%emt 0:02:12]} b5 {[%emt 0:05:51]} 10. Nbd2 {[%emt 0:15:39]} b4 {[%emt 0:07:03]} 11. Nf1 {[%emt 0:07:30]} bxc3 {[%emt 0:11:58]} 12. bxc3 {[%emt 0:00:11]} cxd4 {[%emt 0:00:33]} 13. cxd4 {[%emt 0:00:08]} Nb4 {[%emt 0:02:40]} 14. Bb1 {[%emt 0:01:37]} Nd7 {[%emt 0:00:49]} 15. Bg5 {[%emt 0:07:08]} Qc7 {[%emt 0:02:14]} 16. Qd2 {[%emt 0:01:30]} Rb8 {[%emt 0:05:46]} 17. Ne3 {[%emt 0:09:11]} Ba6 {[%emt 0:14:08]} 18. a3 {[%emt 0:02:46]} Nc6 {[%emt 0:00:12]} 19. Ba2 {[%emt 0:00:20]} Nf6 {[%emt 0:08:57]} 20. Ng4 {[%emt 0:04:11]} Nxg4 {[%emt 0:01:06]} 21. hxg4 {[%emt 0:00:05]} Rfc8 {[%emt 0:03:11]} 22. Rac1 {[%emt 0:00:55]} Qb6 {[%emt 0:01:33]} 23. d5 {[%emt 0:01:22]} Nd8 {[%emt 0:04:00]} 24. Bxd8 {[%emt 0:01:13]} Qxd8 {[%emt 0:00:04]} 25. dxe6 {[%emt 0:02:38]} Rb2 {[%emt 0:00:44]} 26. exf7+ {[%emt 0:04:21]} Kf8 {[%emt 0:00:17]} 27. Qd5 {[%emt 0:04:44]} Qb6 {[%emt 0:00:42]} 28. Rxc8+ {[%emt 0:00:24]} Bxc8 {[%emt 0:00:02]} 29. Rf1 {[%emt 0:00:12]} Bf6 {[%emt 0:02:35]} 30. e5 {[%emt 0:08:17]} dxe5 {[%emt 0:01:14]} 31. g5 {[%emt 0:03:51]} Bb7 {[%emt 0:03:22]} 32. Nxe5 {[%emt 0:05:41]} Bxd5 {[%emt 0:01:20]} 33. Nd7+ {[%emt 0:00:15]} Ke7 {[%emt 0:01:15]} 34. f8=Q+ {[%emt 0:00:56]} Kxd7 {[%emt 0:00:04]} 35. Bxd5 {[%emt 0:05:50]} Be7 {[%emt 0:00:48]} 36. Qf7 {[%emt 0:02:06]} Rb1 {[%emt 0:02:03]} 37. Bc6+ {[%emt 0:01:38]} Kd6 {[%emt 0:02:46]} 38. Qf4+ {[%emt 0:00:56]} Kc5 {[%emt 0:02:05]} 39. Qe5+ {[%emt 0:00:18]} Kxc6 {[%emt 0:00:07]} 40. Qe4+ {[%emt 0:00:00]} Kd7 {[%emt 0:00:00]} 41. Rxb1 {[%emt 0:00:11]} Qc5 {[%emt 0:00:48]} 42. Rb7+ {[%emt 0:02:47]} Ke8 {[%emt 0:00:15]} 43. Qa4+ {[%emt 0:00:57]} Kf8 {[%emt 0:00:06]} 44. Qf4+ {[%emt 0:04:19]} Kg8 {[%emt 0:00:21]} 45. Qb8+ {[%emt 0:01:05]} Bf8 {[%emt 0:00:42]} 46. Qc7 {[%emt 0:01:19]} Qxc7 {[%emt 0:00:36]} 47. Rxc7 {[%emt 0:00:05]} Bxa3 {[%emt 0:00:35]} 48. Rxa7 {[%emt 0:00:03]} Bc1 {[%emt 0:00:05]} 49. Ra5 {[%emt 0:00:04]} Kf7 {[%emt 0:00:09]} 50. g3 {[%emt 0:00:14]} h6 {[%emt 0:00:31]} 51. gxh6 {[%emt 0:00:28]} Bxh6 {[%emt 0:00:06]} 52. Ra6 {[%emt 0:00:06]} Bg7 {[%emt 0:00:32]} 53. Kg2 {[%emt 0:00:30]} Bf6 {[%emt 0:00:07]} 54. f4 {[%emt 0:00:14]} g5 {[%emt 0:00:38]} 55. f5 {[%emt 0:01:26]} Be7 {[%emt 0:00:16]} 56. Kf3 {[%emt 0:00:18]} Bf6 {[%emt 0:00:31]} 57. Rxf6+ {[%emt 0:00:10]} Kxf6 {[%emt 0:00:03]} 58. Kg4 {[%emt 0:00:04]} 1-0

[Event "XII Lublin Union Memorial 2020"]
[Site "Lublin"]
[Date "2020.11.08"]
[Round "5.2"]
[White "Sliwicka, Alicja"]
[Black "Pacan-Milej, Kosma"]
[Result "0-1"]
[WhiteElo "2311"]
[BlackElo "2423"]
[Annotator "ChessBase"]
[PlyCount "112"]
[EventDate "2020.11.05"]
[EventType "tourn"]
[EventCountry "POL"]
[SourceTitle "playchess.com"]
[Source "ChessBase"]
[SourceQuality "1"]
[TimeControl "40/5400+30:900+30"]

1. e4 {[%emt 0:00:00]} c5 {[%emt 0:00:00]} 2. Nf3 {[%emt 0:00:00]} Nc6 {[%emt 0:00:00]} 3. d4 {[%emt 0:00:03]} cxd4 {[%emt 0:00:00]} 4. Nxd4 {[%emt 0:00:08]} e5 {[%emt 0:00:03]} 5. Nb5 {[%emt 0:00:33]} d6 {[%emt 0:00:10]} 6. c4 {[%emt 0:04:00]} Be6 {[%emt 0:00:14]} 7. N1c3 {[%emt 0:01:56]} a6 {[%emt 0:00:35]} 8. Na3 {[%emt 0:00:15]} g6 {[%emt 0:00:40]} 9. Be2 {[%emt 0:10:35]} Bg7 {[%emt 0:00:40]} 10. Be3 {[%emt 0:06:07]} Nf6 {[%emt 0:02:58]} 11. Qd2 {[%emt 0:02:03]} O-O {[%emt 0:01:57]} 12. Nc2 {[%emt 0:02:23]} Rc8 {[%emt 0:10:05]} 13. f3 {[%emt 0:05:35]} Nh5 {[%emt 0:22:02]} 14. O-O {[%emt 0:05:41]} Nf4 {[%emt 0:02:37]} 15. Nd5 {[%emt 0:03:54]} Nxe2+ {[%emt 0:03:56]} 16. Qxe2 {[%emt 0:00:10]} b5 {[%emt 0:14:42]} 17. Bb6 {[%emt 0:12:11]} Qd7 {[%emt 0:08:24]} 18. cxb5 {[%emt 0:00:45]} Bxd5 {[%emt 0:02:02]} 19. exd5 {[%emt 0:01:12]} Ne7 {[%emt 0:01:38]} 20. bxa6 {[%emt 0:08:23]} Nxd5 {[%emt 0:01:37]} 21. Bf2 {[%emt 0:02:30]} Nf4 {[%emt 0:02:40]} 22. Qd2 {[%emt 0:01:34]} d5 {[%emt 0:05:13]} 23. b4 {[%emt 0:04:48]} Qb5 {[%emt 0:02:29]} 24. Nd4 {[%emt 0:19:03]} Qxa6 {[%emt 0:08:05]} 25. b5 {[%emt 0:00:29]} Qf6 {[%emt 0:01:39]} 26. Ne2 {[%emt 0:00:28]} Nxe2+ {[%emt 0:02:50]} 27. Qxe2 {[%emt 0:00:04]} e4 {[%emt 0:00:51]} 28. Rab1 {[%emt 0:01:31]} Rfe8 {[%emt 0:01:57]} 29. fxe4 {[%emt 0:00:40]} dxe4 {[%emt 0:00:07]} 30. b6 {[%emt 0:00:43]} Qc6 {[%emt 0:00:50]} 31. Be3 {[%emt 0:01:53]} Be5 {[%emt 0:01:29]} 32. Rfd1 {[%emt 0:04:37]} Rb8 {[%emt 0:02:12]} 33. Qb5 {[%emt 0:00:12]} Qf6 {[%emt 0:00:31]} 34. Qe2 {[%emt 0:00:38]} Bf4 {[%emt 0:01:14]} 35. Bxf4 {[%emt 0:00:21]} Qxf4 {[%emt 0:00:04]} 36. a4 {[%emt 0:00:31]} Re5 {[%emt 0:00:52]} 37. Rb4 {[%emt 0:01:02]} Qf6 {[%emt 0:00:22]} 38. Qe3 {[%emt 0:00:20]} Rf5 {[%emt 0:00:40]} 39. Rdb1 {[%emt 0:00:51]} Qc6 {[%emt 0:00:32]} 40. Rxe4 {[%emt 0:00:00]} Rc5 {[%emt 0:00:00]} 41. Reb4 {[%emt 0:04:09]} Rc2 {[%emt 0:01:33]} 42. Rg4 {[%emt 0:07:19]} Re8 {[%emt 0:00:56]} 43. Qd4 {[%emt 0:03:22]} Ree2 {[%emt 0:03:43]} 44. Kf1 {[%emt 0:00:51]} Rf2+ {[%emt 0:02:13]} 45. Qxf2 {[%emt 0:01:16]} Rxf2+ {[%emt 0:00:05]} 46. Kg1 {[%emt 0:00:23]} Rc2 {[%emt 0:00:27]} 47. Rb5 {[%emt 0:00:55]} Rc1+ {[%emt 0:00:30]} 48. Kf2 {[%emt 0:00:02]} Qf6+ {[%emt 0:00:37]} 49. Ke3 {[%emt 0:00:51]} Qe6+ {[%emt 0:00:11]} 50. Kd2 {[%emt 0:00:28]} Qe1+ {[%emt 0:00:08]} 51. Kd3 {[%emt 0:00:03]} Rc3+ {[%emt 0:00:23]} 52. Kd4 {[%emt 0:00:09]} Qe3+ {[%emt 0:00:54]} 53. Kd5 {[%emt 0:00:03]} Qe6+ {[%emt 0:00:08]} 54. Kd4 {[%emt 0:00:02]} Rc4+ {[%emt 0:00:09]} 55. Kd3 {[%emt 0:00:05]} Qxg4 {[%emt 0:00:09]} 56. b7 {[%emt 0:00:05]} Qe4+ {[%emt 0:00:06]} 0-1